[Event "Bermuda-A"]
[Site "Bermuda"]
[Date "2002.01.27"]
[Round "6"]
[White "Nakamura, Hikaru"]
[Black "Krush, Irina"]
[Result "1-0"]
[WhiteElo "2430"]
[BlackElo "2424"]
[Annotator "Finkel,A"]
[PlyCount "111"]
[EventDate "2002.01.21"]
[EventType "tourn"]
[EventRounds "9"]
[EventCountry "BER"]
[EventCategory "10"]
[SourceTitle "CBM 088"]
[Source "ChessBase"]
[SourceDate "2002.03.21"]
[SourceVersion "1"]
[SourceVersionDate "2002.03.21"]
[SourceQuality "1"]

1. e4 c5 2. Nc3 Nc6 3. Nf3 e5 4. Bc4 Be7 5. d3 d6 6. Nd2 Nf6 7. Nf1 Bg4 8. f3
Be6 9. Ne3 O-O 10. O-O Nd4 (10... Ne8 11. Ncd5 Bg5 12. a3 Nc7 13. Nxc7 Qxc7 14.
Nd5 Bxd5 15. Bxd5 Bxc1 16. Qxc1 $14 {Tseshkovsky,V-Sveshnikov,E/Elista 1994/
CBM 44}) 11. a4 a6 $5 (11... Nd7 12. Ncd5 Bg5 13. c3 Nc6 14. g3 Bxe3+ 15. Bxe3
Kh8 16. Qd2 $14 {Kosten,A-Sadler,M/Hastings 1991}) (11... h6 12. Bd2 (12. g3
Qd7 13. Kh1 Kh8 14. b3 Bd8 15. Bd2 Ba5 16. Ncd5 Bxd5 17. Nxd5 Nxd5 18. Bxd5
Bxd2 19. Qxd2 $14 {Macieja,B-Istratescu,A/Batumi 1999/CBM 74}) 12... Nh5 13.
Ncd5 Bg5 14. b4 cxb4 15. Bxb4 Nf4 $132 {Yakovich,Y-Kovalevskaya,E/Rostov 1993/
TD}) (11... Ne8 12. Ncd5 Bg5 13. c3 Nc6 14. Bd2 (14. Kh1 Bxe3 15. Bxe3 Nc7 16.
f4 exf4 17. Bxf4 Bxd5 18. exd5 $14 {Yu Shaoteng-Durao,M/Beijing 1996/CBM 54 ext
}) 14... Kh8 15. b4 cxb4 16. cxb4 Rc8 17. b5 Nd4 $132 {Dembo,Y-Orso,M/Budapest
2000}) (11... Nh5 12. Ncd5 Bg5 13. c3 Nc6 14. g3 Bxe3+ 15. Bxe3 Ne7 16. Bg5
Bxd5 17. Bxd5 h6 $11 {Gurevich,I-Sherbakov,R/Hastings 1993/CBM 39}) 12. Ncd5
Nxd5 (12... b5 $2 13. axb5 axb5 $140 $2 14. Rxa8 Qxa8 15. Nxe7+ $18) 13. Nxd5 (
13. Bxd5 Bxd5 14. Nxd5 Bg5 15. f4 exf4 16. Bxf4 Bxf4 17. Rxf4 $14) 13... Bg5
14. Bxg5 Qxg5 15. c3 Bxd5 $6 {White bishops dominates the black knight so
better was to keep the bishop into play by} (15... Nc6 $5 16. f4 (16. Nc7 Bh3
17. Qe2 Rad8 $11) 16... exf4 17. Nc7 Bg4 18. Qd2 Rac8 19. Nd5 $14) 16. Bxd5 Nc6
17. Qc1 Qxc1 18. Raxc1 g6 19. f4 Kg7 20. f5 f6 21. b4 $5 {Weak spot in black's
position is a pawn on b7, so white opens up the b-file.} Ne7 (21... cxb4 $6 22.
cxb4 Nxb4 (22... Rac8 23. Be6 Rb8 24. b5 Nd4 25. Rc7+ Kh6 26. b6 $16) 23. Rc7+
Kh6 24. Bxb7 Ra7 25. Rf3 $16 {[%cal Gf3h3,Gh3h7]}) 22. bxc5 (22. Bxb7 Ra7 23.
Bd5 gxf5 {[%csl Rd5]} 24. Be6 (24. Bc4 $5) 24... fxe4 25. dxe4 Rb8 $14) 22...
Nxd5 23. exd5 dxc5 24. Rb1 Rf7 25. c4 gxf5 26. Rxf5 Re8 27. Rf2 f5 (27... e4
28. Re1 f5 29. Rf4 e3 30. Kf1 Kf6 31. Ke2 $14 {[%csl Re3,Rf5]}) 28. g4 f4 $6 {
More chances of survival would leave} (28... fxg4 $5 29. Rxf7+ Kxf7 30. Rxb7+
Kf6 31. Rxh7 (31. Kf2 e4 32. Ke3 exd3+ 33. Kxd3 h5 $14) 31... e4 $14 {and
despite of being a pawn down black has excellent chances to hold the position.}
) 29. Re2 h5 30. gxh5 Kh6 31. Rb6+ Kxh5 32. Re6 $1 Rg8+ (32... Rxe6 33. dxe6
Re7 34. Rxe5+ Kg6 35. Kf2 Kf6 36. Re4 $18) 33. Kf2 Kg4 34. Kf1 (34. R2xe5 $2
Rh7 $132) 34... Rh8 (34... f3 35. Re4+ Rf4 36. R6xe5 $18) 35. Rg2+ Kf5 36. Re2
f3 (36... Kg4 $5 37. R6xe5 $16) 37. R2xe5+ Kg4 (37... Kf4 38. Re4+ Kg5 39.
R6e5+ Kg6 40. Rg4+ $18) 38. Rg6+ Kh3 39. Rg3+ Kxh2 40. Kf2 {[%csl Rf3,Rh2] Now
the engame is lost for black due to position of the king on h2.} Rh3 41. Rxh3+
Kxh3 42. Rg5 Kh4 43. Rg3 b5 44. axb5 axb5 45. Rxf3 Rb7 46. Ke3 Kg5 47. d4 cxd4+
(47... b4 48. dxc5 b3 49. Rf1 b2 50. Rb1 $18 {[%cal Gc5c8,Gd5d8]}) 48. Kxd4
bxc4 49. Kxc4 Kg6 50. Kc5 Rc7+ 51. Kb6 Rc1 52. d6 Rd1 53. Kc7 Rc1+ 54. Kd8 Rd1
55. d7 Kg5 56. Rc3 1-0

[Event "Montecatini Terme"]
[Site "Montecatini Terme"]
[Date "2000.07.28"]
[Round "1"]
[White "Rublevsky, Sergei"]
[Black "Minasian, Artashes"]
[Result "1-0"]
[WhiteElo "2670"]
[BlackElo "2595"]
[Annotator "Finkel,A"]
[PlyCount "97"]
[EventDate "2000.07.28"]
[EventType "tourn"]
[EventRounds "7"]
[EventCountry "ITA"]
[EventCategory "17"]
[SourceTitle "CBM 079"]
[Source "ChessBase"]
[SourceDate "2000.11.21"]
[SourceVersion "1"]
[SourceVersionDate "2000.11.21"]
[SourceQuality "1"]

1. e4 c5 2. Nf3 Nc6 3. Bb5 e6 4. O-O Nge7 5. c3 a6 6. Ba4 b5 7. Bc2 Bb7 8. Qe2
Qb6 (8... d5 9. e5 {[%cal Gd2d4]} d4 10. Be4 Ng6 11. cxd4 cxd4 12. d3 Be7 13.
Nbd2 O-O 14. Nb3 Qb6 15. h4 Rfd8 ({Loosing a pawn} 15... a5 16. h5 a4 17. Bxc6
Bxc6 18. Nbxd4 Nh8 19. Nxc6 Qxc6 20. Bg5 Bxg5 21. Nxg5 h6 22. Ne4 $16 {
Tkachiev,V-Cherniaev,A/Biel 1994}) 16. h5 Nf8 $8 (16... Nh4 $2 17. Nxh4 Bxh4
18. Qg4 Be7 19. Bh6 Bf8 20. Bxg7 Bxg7 21. h6 $18) 17. h6 g6 18. Bg5 $14 {
[%csl Rc5,Rd6,Rf6] Pavasovic,D-Oral,T/Mitropa Cup 1999}) 9. Rd1 d5 10. e5 d4
11. cxd4 (11. Be4 Rd8 (11... Ng6 12. d3 Be7 13. cxd4 cxd4 14. Nbd2 (14. Na3 Bd8
15. Nc2 Bc7 16. Ncxd4 Ncxe5 17. Nxe5 Nxe5 $13 {Totsky,L-Belikov,V/RUS Army-ch
1995}) 14... O-O 15. Nb3 Rfd8 16. h4 Qc7 17. Bd2 Ngxe5 $2 18. Nxe5 Qxe5 19. Na5
$1 $18 {Tkachiev,V-Pinski,J/Geneva op 1997}) 12. d3 h6 13. Nbd2 Nd5 14. cxd4
cxd4 15. a4 Be7 16. axb5 axb5 17. Nb3 O-O 18. Bd2 b4 19. Bc1 $5 $14 {[%cal
Gb3d2,Gd2c4] Grischuk,A-Kotsur,P/IV Russian Cup Final 2000}) 11... Nxd4 12.
Nxd4 cxd4 13. Be4 d3 $6 {Dubious decision:black sacrifices a pawn hoping to
slow the development of white's queenside,while white easily manages to get
the coordination between the pieces and to finish develoment.} (13... Ng6 14.
d3 Be7 15. Nd2 Bxe4 16. Qxe4 O-O 17. Nf3 Rfd8 18. Bd2 Rac8 19. Rac1 $14) 14.
Bxd3 (14. Qxd3 $6 Rd8 15. Qf3 Bxe4 16. Qxe4 Nf5 17. d3 Bc5 18. Qf4 Rd4 $36)
14... Qc6 15. f3 Qc5+ 16. Kh1 Ng6 17. Be4 $5 (17. Bxg6 hxg6 18. d4 Qe7 19. Qf2
$14) 17... Bxe4 $6 {Now white remains with the pawn up with comfortable
position.Black had to chose} (17... Qxe5 18. d4 Qc7 19. Bxb7 Qxb7 20. d5 Rd8
21. dxe6 (21. Nc3 Rd6 $1 $11) 21... Rxd1+ 22. Qxd1 fxe6 23. Nc3 Be7 24. Be3 O-O
25. Qe2 $14 {with passive,but solid position.}) 18. Qxe4 Rc8 19. Nc3 (19. d4 $4
Qxc1 $19 {[%csl Rh1]}) 19... Qxe5 20. Qb7 {[%cal Gb7a6,Gb7c8]} Qc7 21. Qxa6 b4
22. Ne4 Nf4 23. d4 $16 Nd5 24. Bg5 $5 (24. Qb5+ $5 Qc6 25. Qxc6+ Rxc6 26. Bd2
Rc2 27. Rab1 f5 28. Nf2 Bd6 29. Rbc1 $16) 24... Qc6 25. Qe2 Qd7 26. Rac1 Ra8
27. Qc4 h6 28. Bd2 Be7 29. Nc5 Qc6 30. Re1 Bxc5 $6 ({More persistant was} 30...
O-O 31. Qb3 $16) 31. dxc5 O-O 32. Bxb4 Nxb4 33. Qxb4 Rfb8 34. Qc3 Rxa2 35. b4
Qb5 $6 (35... Raa8) 36. c6 Rc8 37. Qc5 Qxc5 38. Rxc5 {The ening is easily
winning for white.} Rb2 39. b5 Kf8 40. Rd1 Rc7 41. h4 Ke7 42. h5 g5 43. hxg6
fxg6 44. f4 Kf6 45. Rd8 Ra7 46. c7 Ra1+ 47. Kh2 Raa2 48. c8=Q Rxg2+ 49. Kh1 (
49. Kh1 Rh2+ 50. Kg1 Rhg2+ 51. Kf1 Raf2+ 52. Ke1 Re2+ 53. Kd1 $18 {[%csl Gd2]})
1-0

[Event "Montreal 1st"]
[Site "Montreal"]
[Date "2000.08.10"]
[Round "7"]
[White "Smagin, Sergey"]
[Black "Lazarev, Vladimir"]
[Result "1-0"]
[WhiteElo "2605"]
[BlackElo "2478"]
[Annotator "Finkel,A"]
[PlyCount "85"]
[EventDate "2000.08.03"]
[EventType "tourn"]
[EventRounds "11"]
[EventCountry "CAN"]
[EventCategory "9"]
[SourceTitle "CBM 079"]
[Source "ChessBase"]
[SourceDate "2000.11.21"]
[SourceVersion "1"]
[SourceVersionDate "2000.11.21"]
[SourceQuality "1"]

1. e4 c5 2. Nf3 Nc6 3. Bb5 e6 4. O-O Nge7 5. Re1 a6 6. Bf1 d5 7. exd5 Nxd5 8.
d4 Nf6 9. Be3 cxd4 10. Nxd4 Bd7 {Possible continuation after which black has
to be more carefull than after normal 10...Nxd4.} (10... Nxd4 11. Bxd4 (11.
Qxd4 Qxd4 (11... Nd5 12. Bd2 Be7 13. Nc3 Nxc3 14. Bxc3 Qxd4 15. Bxd4 Bf6 $11 {
Kholmov,R-Panchenko,A/Katowice op 1993}) 12. Bxd4 Bd7 13. c4 Be7 14. Nc3 {
1/2-1/2 Lindberg,B-Ernst,T/SWE-ch 1996}) 11... Be7 (11... Bd6 12. Nc3 Bc7 13.
g3 O-O 14. Bg2 Bb6 15. Be5 Qxd1 16. Raxd1 $14 {Antonio,R-Meetei,A/Calcutta 1992
}) 12. Nc3 (12. c4 Bd7 13. Nc3 O-O 14. Qd2 (14. Qb3 Bc6 15. Bb6 Qb8 16. h3 Qf4
17. Ne2 Qh4 18. Nd4 Be4 19. Re3 $14 {Seret,J-Luc Ruiz,R/FRA-chT 1994}) 14...
Bc6 15. Rad1 Qc7 16. h3 Rfe8 17. Qe3 Nd7 18. Bd3 $14 {Codina Garcia,J-Ferrer,M/
Catalunya-chT 1996}) 12... O-O 13. Ne4 Nxe4 14. Rxe4 b5 15. Bc3 Bb7 16. Rd4 Qb6
17. Qh5 b4 18. Bd3 g6 19. Rg4 bxc3 20. Bxg6 {1/2-1/2 Wieser,A-Pilaj,H/Graz op
1995}) 11. Nb3 $1 Qc7 12. c4 Bb4 (12... Be7) 13. Nc3 O-O ({Deserved attention} 
13... Bxc3 $5 14. bxc3 O-O 15. Bc5 (15. Bg5 Ne8) 15... Rfd8 16. Bd6 Qc8 17. Bd3
Ne8 $132 {with unclear position.}) 14. Rc1 Na5 $6 (14... Rfd8 15. a3 Be7 16.
Qe2 Be8 17. g3 Rac8 $11) 15. Nd2 $1 $14 (15. Nxa5 Qxa5 16. a3 Be7 17. g3 Bc6
$11) 15... h6 16. a3 Bd6 17. g3 Nc6 18. Na4 $5 {[%cal Ga4b6]} Rae8 19. b4 Qb8 (
19... e5 20. Bb6 Qb8 21. c5 Be7 22. Nc4 Bg4 23. Be2 Bxe2 24. Qxe2 $14) 20. Nb6
Rd8 21. Qe2 Rfe8 (21... Be8) 22. Bg2 e5 $6 {Losing a pawn without any
compensation.} (22... Ne7) 23. Nxd7 Rxd7 24. Bxc6 bxc6 25. c5 Bf8 26. Qxa6 $16
Re6 27. Qe2 Nd5 28. Nc4 Ra7 (28... f5 29. Nb6 Rd8 30. Nxd5 Rxd5 31. Red1 $16)
29. Qb2 f5 30. Nb6 Nf6 31. Qb3 Rae7 32. b5 (32. a4 Kh8 33. a5 Qe8 34. Ra1 Qh5
35. a6 Ng4 36. h4 $18) 32... Qb7 33. Rcd1 Kh7 34. Rd6 $1 Rxd6 35. cxd6 Re8 36.
Qc2 $1 Bxd6 $6 (36... cxb5 37. Qxf5+ Kh8 38. d7 (38. Rd1 $5 Qc6 39. d7 Rd8)
38... Rd8 39. Rd1 Bxa3 40. Qxe5 Qf3 41. Rd3 $18) 37. bxc6 Qc7 38. Qxf5+ Kh8 39.
Nd7 Nxd7 40. cxd7 Rd8 41. Rd1 Bxa3 (41... Rxd7 42. Bb6 $1 Qc6 43. Qe6 $18 {
[%cal Gb6c5,Ge6c6,Gd1d7]}) 42. Qe6 Qc2 43. Ra1 {[%cal Ge6e8]} 1-0

[Event "Metalska Trgovina CC 90"]
[Site "Ljubljana"]
[Date "2002.01.20"]
[Round "2"]
[White "Podlesnik, Bogdan"]
[Black "Sveshnikov, Evgeny"]
[Result "0-1"]
[WhiteElo "2397"]
[BlackElo "2565"]
[Annotator "Finkel,A"]
[PlyCount "106"]
[EventDate "2002.01.19"]
[EventType "tourn"]
[EventRounds "11"]
[EventCountry "SLO"]
[EventCategory "11"]
[SourceTitle "CBM 088"]
[Source "ChessBase"]
[SourceDate "2002.03.21"]
[SourceVersion "1"]
[SourceVersionDate "2002.03.21"]
[SourceQuality "1"]

1. e4 c5 2. Nf3 Nc6 3. Nc3 {Sveshnikov variation is extremly popular lately
and black seems to have no special problems in it, so white tries to avoid it
with this move order.} e5 {Probably the simplest way to equality, even though
white may hope to get a minimal advantage in this variation.} 4. Bc4 Be7 5. d3
Nf6 6. Ng5 O-O 7. f4 d6 8. O-O h6 9. Nf3 exf4 (9... a6 10. a4 Rb8 11. Nd5 Be6
12. Qe1 Nd4 13. Nxe7+ Qxe7 14. fxe5 $40 {Vera Pons,F-Tarrago Antoni,M/Santa
Coloma 2000}) 10. Bxf4 Be6 (10... Bg4 11. Qd2 Kh7 12. Rae1 Nh5 13. Be3 Be6 14.
Bb3 Ne5 15. Nxe5 dxe5 16. Rf3 $14 {Landa,K-Ivliev,O/Cappelle la Grande 1995})
11. Nd5 (11. Qd2 d5 12. exd5 Nxd5 13. Rae1 Nxf4 (13... Bf6 14. Bg3 Nxc3 15.
Bxe6 fxe6 16. bxc3 Qa5 17. Qe2 $13 {Klovsky,R-Lapienis,D/Riga 1975/MCD}) 14.
Qxf4 Nd4 15. Bxe6 fxe6 16. Qg4 Bf6 $132 {Kupreichik,V-Sveshnikov,E/Frunze 1981/
URS-ch}) 11... Bxd5 (11... Qd7 12. Qd2 $6 Bxd5 13. exd5 Nb4 14. Rae1 Rae8 15.
a3 Nbxd5 16. Bxh6 gxh6 17. Qxh6 Qf5 18. Ng5 Qg6 $17 {Mitkov,N-Kurajica,B/
Oberwart 1991/TD}) 12. Bxd5 Nxd5 13. exd5 Ne5 14. Nxe5 (14. Qd2 Bf6 15. Rae1
Re8 16. c3 Qd7 17. Nxe5 Bxe5 18. Bxe5 Rxe5 19. Rxe5 dxe5 20. c4 a5 $11 {
Ankerst,M-Jelen,I/Bled 1998/EXT 99}) 14... dxe5 15. Bxe5 Qxd5 16. Bc3 Rae8 $11
17. Qg4 (17. Qf3 Qxf3 18. Rxf3 Bg5 19. Kf1 Re6 20. Re1 Rfe8 $11) 17... g6 {
Black isn't afraid to weaken the diagonal a1-h8.} (17... Qg5) 18. Rae1 Bg5 19.
h4 Be3+ 20. Rxe3 $5 {Keeping in mind combination which happened in the game.} (
20. Kh1 Bd4 21. Bxd4 cxd4 22. Qf4 h5 $13) 20... Rxe3 21. Qf4 Re2 22. Rf3 {
[%cal Gf4f6,Gf4h6]} Rxc2 23. Qxh6 Rxc3 $8 24. bxc3 Re8 $1 ({Black can't grab a
pawn on a2:} 24... Qxa2 $2 25. h5 Qe6 (25... Qa1+ 26. Kh2 Qxc3 27. hxg6 Qg7 28.
gxf7+ Rxf7 29. Rg3 $18) 26. hxg6 Qxg6 27. Qh4 $18 {[%cal Gf3g3]}) 25. h5 $6 {
Even fter this move white keeps good drawing chances, but there was no need to
give up the pawn!} (25. Re3 Rxe3 26. Qxe3 Qxa2 27. Qxc5 a5 28. Kh2 a4 $15)
25... Qxh5 26. Qxh5 gxh5 27. Rf5 Re1+ 28. Kf2 Ra1 29. Rxc5 Rxa2+ 30. Kf3 h4 31.
Rc7 b6 32. d4 Kg7 33. Kg4 $6 {It seems that after} (33. c4 Kf6 34. c5 bxc5 35.
dxc5 a5 36. c6 Ke6 37. Ra7 f5 38. c7 Kd7 39. Kf4 Rxg2 40. Rxa5 h3 41. Ra3 $11 {
white gets the desirable draw.}) 33... Rxg2+ 34. Kxh4 a5 35. c4 (35. Rb7 Rb2 $1
(35... Rc2 36. Rxb6 Rxc3 37. Ra6 Ra3 38. Kg5 $11) 36. d5 Kf6 37. d6 Ke6 38. d7
Ke7 $19) 35... Rd2 36. d5 Kf6 37. Rc6+ Ke5 38. Rxb6 Rd4+ 39. Kg3 Rxc4 40. d6
Ke6 41. Ra6 Ra4 42. Ra7 f5 43. d7 Ke7 44. Kf3 Kd8 $1 45. Kf2 $2 {Now it's over
for white!} (45. Rb7 $1 Ra1 (45... Rb4 46. Ra7 a4 47. Kg3 f4+ 48. Kf3 $11) 46.
Kf4 a4 47. Kxf5 a3 48. Ke6 $11) 45... Ra1 46. Kg2 Ra3 $19 47. Kh2 a4 48. Kg2
Ra2+ 49. Kf3 a3 50. Ra5 Ra1 51. Kg2 a2 52. Ra7 f4 53. Kh2 f3 0-1

[Event "RUS Cup final 4th"]
[Site "Elista"]
[Date "2000.08.19"]
[Round "1"]
[White "Lastin, Alexander"]
[Black "Kotsur, Pavel"]
[Result "1/2-1/2"]
[WhiteElo "2580"]
[BlackElo "2589"]
[Annotator "Finkel,A"]
[PlyCount "49"]
[EventDate "2000.08.19"]
[EventType "tourn"]
[EventRounds "11"]
[EventCountry "RUS"]
[EventCategory "12"]
[SourceTitle "CBM 079"]
[Source "ChessBase"]
[SourceDate "2000.11.21"]
[SourceVersion "1"]
[SourceVersionDate "2000.11.21"]
[SourceQuality "1"]

1. e4 c5 2. Nf3 Nc6 3. Bb5 e6 4. O-O Nge7 5. Re1 (5. c3) 5... a6 6. Bxc6 Nxc6
7. d4 cxd4 8. Nxd4 Qc7 9. Nc3 Bd6 10. Nxc6 dxc6 (10... Bxh2+ 11. Kh1 bxc6 12.
g3 Bxg3 13. fxg3 Qxg3 14. Re3 Qh4+ 15. Kg2 $16) (10... bxc6 11. f4 Bxf4 12.
Bxf4 Qxf4 13. e5 $44) 11. f4 $146 {The new approuch in well-known position:
white intends to take advantage of the fact that black pieces on the queenside
are out of play and dark squares in black's camp demand protection.} (11. Qh5
e5 (11... Be5 12. Be3 O-O 13. Rad1 $14) 12. f4 (12. Be3 b5 13. a4 $146 (13.
Rad1 Be6 14. Bb6 Qb8 $11) 13... Bb7 14. axb5 cxb5 15. Rad1 O-O 16. Nd5 Qc6 17.
Rd3 f5 $13 {<=> ~~ Iuldachev,S-Gunawan,R/Genting Highlands 75/(135) 1998})
12... g6 (12... O-O 13. f5 f6 14. Kh1 Rd8 15. Re3 Qf7 16. Qxf7+ Kxf7 17. Rd3
Be7 $11 {Boidman,Y-Oral,T/Banicky Kahanec 1997}) 13. Qf3 b5 14. f5 Qe7 15. Qg3
Bb7 16. fxg6 hxg6 17. Bg5 f6 18. Be3 Kf7 $15 {Sadvakasov,D-Sorokin,M/RUS-Cup4
1997}) (11. Qg4 O-O (11... Bxh2+ 12. Kh1 Be5 13. f4 Bxc3 14. bxc3 O-O 15. c4 f6
16. c5 Qa5 17. Be3 Qa4 $13 {Baillon,O-Marcelin,C/ch-Paris 2000}) 12. Qh4 e5 13.
Be3 Be6 14. f3 f6 15. Qf2 b5 16. a3 Qe7 17. Rad1 a5 $15 {Frost,N-Morgan,B/
ch-GBR 2000}) 11... Bxf4 (11... e5 $6 12. f5 O-O 13. Be3 b5 14. Qf3 $36) 12.
Bxf4 Qxf4 13. e5 O-O ({Too dangerous is} 13... Qb4 $6 14. Ne4 O-O 15. c3 (15.
Qg4 Qd4+ 16. Kh1 Qxe5 $19) 15... Qe7 (15... Qxb2 16. Qg4 $44) 16. Qg4 b6 17.
Re3 $40 {[%csl Rg8][%cal Ge3g3] and white has very strong initiative.}) 14. Qd6
$5 {[%csl Rf4]} b6 {[%cal Ga8a7,Ga7d7]} (14... Qg5 $6 15. Rad1) 15. Rad1 Ra7
16. Qxc6 Qb4 $1 (16... b5 $2 17. Ne4 $1 Bb7 (17... Qxe5 18. Nd6) 18. Qb6 Bxe4
19. Qxa7 Bxc2 20. Qd4 $16) 17. Rd2 (17. Na4 $5) 17... b5 (17... Qxb2 18. Na4 (
18. Rb1 Qa3 19. Rxb6 Qc1+ 20. Rd1 Qe3+ 21. Kh1 Bd7 $1 $19) 18... Qxa2 19. Nxb6
Bb7 20. Qc7 {[%csl Ra7][%cal Gc7a7]}) 18. Ne4 ({Deserved attention} 18. Red1 $5
Qa5 19. b4 $1 {[%csl Gd8]} Qc7 (19... Qxb4 20. Rd8 {[%csl Rc8]} Bb7 21. Rxf8+
Qxf8 22. Qb6) 20. Qxc7 Rxc7 21. Ne4 Rc4 22. Nd6 Rc7 23. Kf2 Bb7 24. Ke3 Bd5 25.
Ra1 $14 {[%cal Ga2a4] with better prospets for white.}) 18... Qa5 19. Qc5 Rc7
20. Qe3 Bb7 21. Nf6+ Kh8 (21... gxf6 $4 22. Qg3+ Kh8 23. exf6 Rg8 24. Qxg8+ $1
Kxg8 25. Rd8#) 22. Red1 Bd5 $1 {Strong move keeping black in the game.} 23. Qf2
(23. Nxd5 exd5 24. Rxd5 Rxc2 $11) 23... gxf6 24. Qxf6+ Kg8 25. Qg5+ (25. Rd3 $2
Be4 $19) 1/2-1/2

[Event "Moscow Aeroflot op"]
[Site "Moscow"]
[Date "2002.02.07"]
[Round "5"]
[White "Kim, Alexey"]
[Black "Mikhalevski, Victor"]
[Result "0-1"]
[WhiteElo "2414"]
[BlackElo "2531"]
[Annotator "Finkel,A"]
[PlyCount "40"]
[EventDate "2002.02.04"]
[EventType "swiss"]
[EventRounds "9"]
[EventCountry "RUS"]
[SourceTitle "CBM 088"]
[Source "ChessBase"]
[SourceDate "2002.03.21"]
[SourceVersion "1"]
[SourceVersionDate "2002.03.21"]
[SourceQuality "1"]

1. e4 c5 2. Nf3 Nc6 3. Bb5 e6 4. Bxc6 bxc6 5. b3 {I don't think that white may
get an opening advanage with this move.} (5. d3 $5) 5... f6 6. O-O Ne7 7. Bb2
Ng6 8. e5 Be7 9. exf6 $2 {Giving up control in the center proves to be crucial;
and white finds himself with no active plan.} (9. Na3 fxe5 (9... O-O 10. Nc4
Qc7 (10... Ba6 11. d3 Bxc4 12. dxc4 fxe5 13. Nxe5 Nxe5 14. Bxe5 d6 15. Bc3 Bf6
{1/2-1/2 Makarichev,S-Sveshnikov,E/Sochi 1983/MCL (15)}) 11. d3 fxe5 12. Nfxe5
Nf4 13. g3 Nd5 14. f4 $14 {Zakharov,A-Sherbakov,R/St Petersburg 1999/CBM 74})
10. Nxe5 Nxe5 11. Bxe5 O-O 12. f4 (12. Nc4 d6 13. Bg3 e5 {1/2-1/2 Kholmov,
R-Sherbakov,R/St Petersburg 1999/CBM 74 (13)}) 12... d6 13. Bc3 (13. Bb2 Bd7
14. Nc4 Rf7 15. d4 cxd4 16. Qxd4 Qc7 17. Rad1 Raf8 18. Qd2 $14 {Fernando,
D-Pridorozhni,A/Yerevan 2000/CBM 78}) 13... d5 14. Be5 Bf6 15. Qe2 Qa5 16. Nb1
Ba6 17. d3 $14 {Matulovic,M-Adorjan,A/Bath 1973/EU-chT}) (9. d3 O-O 10. Nbd2
fxe5 (10... Qe8 11. Ne4 fxe5 12. Nxe5 Nh4 13. Qg4 Nf5 14. Ng3 Nh6 15. Qe4 Bf6
16. d4 cxd4 17. Ba3 Be7 18. Bxe7 Qxe7 19. Rfe1 $14 {Gubanov,A-Sakaev,K/St
Petersburg 1996/CBM 52}) 11. Nxe5 Nxe5 12. Bxe5 d6 13. Bg3 e5 14. f4 exf4 15.
Bxf4 Bf6 $13 {Matulovic,M-Vojinovic,G/Herzeg Novi 1999/EXT 2001}) 9... gxf6 $1
(9... Bxf6 10. Bxf6 Qxf6 11. Nc3 O-O 12. Ne4 Qe7 13. d3 d5 14. Ng3 e5 15. h3
Qf6 $15 {Tatai,S-Cherniaev,A/Cannes 1997/CBM 57 ext}) 10. Nc3 e5 11. d3 d6 $1 {
[%csl Gc5]} ({There was no need to give white counterchances after} 11... d5 $6
{[%csl Rc5]} 12. Na4 Nf4 13. Ba3 Rg8 14. g3 Qa5 $15) 12. Nd2 f5 13. Qh5 $6 {
Queen has nothing to do on the kingside and it becomes a target for black
pieces.} O-O 14. Ne2 {[%cal Gf2f4]} f4 $1 {[%csl Rh5]} 15. Nc3 f3 $1 $19 {
Threatening both Nf4 and Rf5.} 16. Nce4 (16. Nxf3 Nf4 17. Qh6 Rf6 18. Qh4 Rg6
$19) (16. g3 Rf5 17. Qg4 Rf4 18. Qh5 Bg4 19. Qh6 Bg5 $19) 16... Rf5 17. Qg4 (
17. Qh6 Nf4 $1 {[%csl Rh6][%cal Gf5h5]} 18. Ng3 Bg5 19. Nxf5 Bxf5 $19) 17...
Rf7 $1 18. Qh5 fxg2 19. Rfe1 (19. Kxg2 Nf4+ $19) 19... Nf4 20. Qd1 Rg7 {
[%cal Gf4h3] Nh3 is coming so white prefered to resign!} 0-1

[Event "Abu Dhabi op 14th"]
[Site "Abu Dhabi"]
[Date "2004.08.18"]
[Round "5"]
[White "Chernyshov, Konstantin"]
[Black "Ghaem Maghami, Ehsan"]
[Result "0-1"]
[WhiteElo "2585"]
[BlackElo "2552"]
[Annotator "Finkel,A"]
[PlyCount "110"]
[EventDate "2004.08.14"]
[EventType "swiss"]
[EventRounds "9"]
[EventCountry "UAE"]
[SourceTitle "CBM 103"]
[Source "ChessBase"]
[SourceDate "2004.11.11"]
[SourceVersion "1"]
[SourceVersionDate "2004.11.11"]
[SourceQuality "1"]

1. e4 c5 2. Nf3 Nc6 3. Bb5 Qb6 4. Nc3 e6 5. d3 {Chernyshov is famous for his
weird playing style, so 5.d3 is perfectly normal for him!} (5. O-O) 5... Nge7
6. O-O a6 (6... Nd4 7. Ba4 Nxf3+ 8. Qxf3 Ng6 9. Qg3 Bd6 10. f4 f6 11. h4 $14 {
Keller,R-Malano,F/Imperia 1996}) 7. Bc4 Qc7 8. Ng5 {Once white kept the bishop,
his only active plan is pushing f4-f5!} (8. a4 Ng6 (8... g6 9. Be3 d6 10. Qd2
Bg7 11. Bh6 O-O 12. Bxg7 Kxg7 13. d4 $14) 9. Ng5 Be7 10. f4 h6 11. Nh3 O-O 12.
Qh5 $36) 8... h6 9. Nh3 b5 10. Bb3 Nd4 11. Be3 $6 (11. f4 $142 Nec6 12. f5 Bd6
13. Bf4 Bxf4 14. Nxf4 Qe5 15. Qg4 $13) 11... Nec6 12. f4 Bb7 13. f5 Bd6 14. Qh5
$5 (14. Nf4) 14... Bxh2+ 15. Kh1 Be5 16. Nf4 O-O-O 17. Qxf7 exf5 18. Ng6 Rhe8
19. a4 $2 {White is thinking about the attack, while he should be thinking
what is the safest way to equality.} (19. Nd5 Qd6 20. exf5 Na5 21. Nde7+ Kb8
22. Rf2 $13) 19... Nxb3 20. cxb3 Bxc3 21. bxc3 fxe4 22. axb5 axb5 23. Bxc5 (23.
dxe4 d6 $1 {[%csl Re4]} 24. Qf4 Ne5 25. Nxe5 Rxe5 $17) 23... exd3 24. Ne7+ (24.
Bg1 Qg3 {[%csl Rg2][%cal Ge8e2,Gc6e5]} 25. Bh2 Qg5 26. Rf5 d2 $1 $19) 24...
Nxe7 25. Bxe7 Qg3 $1 $19 26. Rf3 (26. Ra2 Qh3+ 27. Kg1 Qe3+ 28. Kh2 Rxe7 $19)
26... Bxf3 27. gxf3 Rxe7 (27... Qh3+ $5 28. Kg1 Qe6 29. Qxe6 dxe6 30. Bxd8 Rxd8
31. Kf2 d2 32. Ke2 h5 33. Rd1 h4 $19) (27... d2 $6 28. Qd5 d1=Q+ 29. Rxd1 Rxe7
30. Qc5+ Qc7 31. Qxe7 Qxc3 $17) 28. Qxe7 Qxf3+ 29. Kg1 Qg4+ 30. Kh1 Qh5+ 31.
Kg1 Qd5 $1 {[%csl Ga8,Gd6]} 32. Qe3 d6 33. b4 Qg5+ 34. Qxg5 hxg5 35. Rd1 Kd7
36. Rxd3 Re8 $5 {[%cal Ge8e4,Gg5g4]} 37. Rf3 Kc6 38. Kf2 Re4 39. Rd3 g4 40. Kg3
g6 41. Kh4 Rf4 42. Rd1 Rf3 43. Rc1 Rd3 44. c4 (44. Kxg4 Kd5 $19) 44... Rd4 45.
cxb5+ Kxb5 46. Rc8 Kxb4 47. Rg8 d5 48. Rxg6 Re4 49. Kg5 g3 50. Kf5 Re3 51. Kf4
d4 52. Rb6+ Kc3 53. Rc6+ Kd3 54. Ra6 Ke2 55. Ra2+ Kf1 0-1